<?xml version="1.0" encoding="UTF-8"?>
<record
    xmlns:xsi="http://www.w3.org/2001/XMLSchema-instance"
    xsi:schemaLocation="http://www.loc.gov/MARC21/slim http://www.loc.gov/standards/marcxml/schema/MARC21slim.xsd"
    xmlns="http://www.loc.gov/MARC21/slim">

  <leader>02358agaaa2200325   4500</leader>
  <controlfield tag="001">5227</controlfield>
  <controlfield tag="003">IT-RoPAU</controlfield>
  <controlfield tag="005">20220918181231.0</controlfield>
  <controlfield tag="007">d cvaizq</controlfield>
  <controlfield tag="008">50131s9999||||xx ||| |     ||   ||und||</controlfield>
  <datafield tag="040" ind1=" " ind2=" ">
    <subfield code="a">IT-RoPAU</subfield>
    <subfield code="c">IT-RoPAU</subfield>
  </datafield>
  <datafield tag="041" ind1=" " ind2=" ">
    <subfield code="a">ITALIANO</subfield>
  </datafield>
  <datafield tag="100" ind1=" " ind2=" ">
    <subfield code="a">Capitani Giorgio</subfield>
    <subfield code="g">Codice regista SPICS: 58033</subfield>
    <subfield code="9">40912</subfield>
  </datafield>
  <datafield tag="130" ind1=" " ind2=" ">
    <subfield code="a">PAPA GIOVANNI - JOANNES XXIII</subfield>
    <subfield code="9">40913</subfield>
  </datafield>
  <datafield tag="245" ind1=" " ind2=" ">
    <subfield code="a">PAPA GIOVANNI - JOANNES XXIII</subfield>
    <subfield code="c">Prodotto da: Bernabei Luca -- Sceneggiatura: Serofolini Massimo Scardamaglia Francesco -- Diretto da: Capitani Giorgio</subfield>
    <subfield code="p">PAPA GIOVANNI - JOANNES XXIII (Rif. Codice opera principale : H5227)</subfield>
  </datafield>
  <datafield tag="250" ind1=" " ind2=" ">
    <subfield code="a">Edizione Standard</subfield>
  </datafield>
  <datafield tag="260" ind1=" " ind2=" ">
    <subfield code="a">(ITALIA)</subfield>
    <subfield code="b">LUX VIDE - RAI FICTION - RAI TRADE - EOS INTE / Distribuzione: MULTIMEDIA SAN PAOLO</subfield>
    <subfield code="g">"2002 (1&#xB0; ed.: 2004 ; Ed. Lingua Orig.: 2002)"</subfield>
  </datafield>
  <datafield tag="300" ind1=" " ind2=" ">
    <subfield code="a">DVD</subfield>
    <subfield code="b">sonoro, col.</subfield>
    <subfield code="c">204 minuti</subfield>
  </datafield>
  <datafield tag="508" ind1=" " ind2=" ">
    <subfield code="a">"Fotografia: Kuveiller Luigi; Montaggio: Siciliano Antonio; Musica: Frisina Marco; Sceneggiatura: Serofolini Massimo Scardamaglia Francesco; Scenografia: Vanorio Francesco; Soggetto: Scardamaglia Francesco -- Zizola Giancarlo"</subfield>
  </datafield>
  <datafield tag="511" ind1=" " ind2=" ">
    <subfield code="a">"Asner Edward; Ghini Massimo; Rich Claude; Mendl Michael; Interlenghi Franco; Rome Syd"</subfield>
  </datafield>
  <datafield tag="520" ind1=" " ind2=" ">
    <subfield code="a">"QUANDO IL 28 OTTOBRE 1958 A 77 ANNI, ANGELO RONCALLI VENNE ELETTO PAPA, NESSUNO POTEVA IMMAGINARE CHE SAREBBE DIVENTATO UNO DEI PAPI PIU' IMPORTANTI DELLA STORIA, TRA I PIU' POPOLARI E RIVOLUZIONARI. ASSUNSE IL NOME DI SUO PADRE, DEL PATRONO DEL SUO PAESE NATALE EDELL'EVANGELISTA DELLA CARITA': GIOVANNI XXIII. AMATO DALLA GENTE, PAPA GIOVANNI MORI' DOPO APPENA QUATTRO ANNI DI PONTIFICATO IL 3 GIUGNO 1963. IL FILM RIPERCORRE LA SUA VITA, DA QUAND'ERA BAMBINO FINO ALLA MORTE SOTTOLINEANDO LE TAPPE DEL SUO SEGRETARIATO A BERGAMO; LA SUA ESPERIENZA IN BULGARIA, IN TURCHIA E A PARIGI; INOLTRE SI SOFFERMA SULLA PREPARAZIONE DEL CONCILIO VATICANO II."</subfield>
  </datafield>
  <datafield tag="538" ind1=" " ind2=" ">
    <subfield code="a">PAL, STEREO</subfield>
  </datafield>
  <datafield tag="546" ind1=" " ind2=" ">
    <subfield code="a">ITALIANO</subfield>
  </datafield>
  <datafield tag="650" ind1=" " ind2=" ">
    <subfield code="a">BIOGRAFICO</subfield>
    <subfield code="e">DVD-FILM [DVD]</subfield>
    <subfield code="x">Codice MATERIA SPICS: 9947</subfield>
    <subfield code="9">37079</subfield>
  </datafield>
  <datafield tag="700" ind1=" " ind2=" ">
    <subfield code="a">Capitani Giorgio </subfield>
    <subfield code="e">(regista)</subfield>
    <subfield code="g">Codice regista SPICS: 58033</subfield>
    <subfield code="9">40914</subfield>
  </datafield>
  <datafield tag="700" ind1=" " ind2=" ">
    <subfield code="a">Frisina Marco</subfield>
    <subfield code="e">(musica)</subfield>
    <subfield code="g">Codice Musica SPICS: 38406</subfield>
    <subfield code="9">40915</subfield>
  </datafield>
  <datafield tag="700" ind1=" " ind2=" ">
    <subfield code="a">Scardamaglia Francesco </subfield>
    <subfield code="e">(soggetto)</subfield>
    <subfield code="g">Codice Soggetto SPICS: 32801</subfield>
    <subfield code="9">40916</subfield>
  </datafield>
  <datafield tag="700" ind1=" " ind2=" ">
    <subfield code="a">Zizola Giancarlo </subfield>
    <subfield code="e">(soggetto)</subfield>
    <subfield code="g">Codice Soggetto 2&#xB0; SPICS: 19291</subfield>
    <subfield code="9">40917</subfield>
  </datafield>
  <datafield tag="942" ind1=" " ind2=" ">
    <subfield code="c">DV</subfield>
    <subfield code="2">ddc</subfield>
  </datafield>
  <datafield tag="999" ind1=" " ind2=" ">
    <subfield code="c">105350</subfield>
    <subfield code="d">105350</subfield>
  </datafield>
  <datafield tag="952" ind1=" " ind2=" ">
    <subfield code="0">0</subfield>
    <subfield code="1">0</subfield>
    <subfield code="4">0</subfield>
    <subfield code="6">H_5227_000000000000000</subfield>
    <subfield code="7">1</subfield>
    <subfield code="a">SPICS</subfield>
    <subfield code="b">SPICS</subfield>
    <subfield code="d">2015-01-31</subfield>
    <subfield code="l">0</subfield>
    <subfield code="o">H5227</subfield>
    <subfield code="r">2015-01-31 00:00:00</subfield>
    <subfield code="w">2015-01-31</subfield>
    <subfield code="y">DV</subfield>
    <subfield code="z">Progr. Ins.: 3231 / N.Vol.:2 / Copie: 1 / Pag.:0 / Copia rara: n.d. / date import: 1.2.2015 / By Epidotti, Trombetti, Vaglietti</subfield>
  </datafield>
</record>
